书目信息 |
| 题名: |
色度学
|
|
| 作者: | 荆其诚 编著 | |
| 分册: | ||
| 出版信息: | 北京 科学出版社 1979.10 |
|
| 页数: | 432页 | |
| 开本: | 20cm | |
| 丛书名: | ||
| 单 册: | ||
| 中图分类: | O432.3 | |
| 科图分类: | ||
| 主题词: | 光学 | |
| 电子资源: | ||
| ISBN: | ||
| 000 | 00476nam0 2200181 45 | |
| 001 | 0312221749 | |
| 005 | 20060814093259.96 | |
| 010 | @dCNY1.80 | |
| 100 | @a20031222d1979 km y0chiy0120 ea | |
| 101 | @achi | |
| 200 | 1 | @a色度学@ASe Du Xue@f荆其诚等编著@FJing Qi Cheng Deng Bian Zhu |
| 210 | @a北京@c科学出版社@d1979.10 | |
| 215 | @a432页@c彩图@d20cm | |
| 606 | 0 | @a光学 |
| 690 | @aO432.3@v3 | |
| 701 | 0 | @a荆其诚@4编著 |
| 801 | @aCN@bTSTCL@c20060814 | |
| 905 | @a213230@dO432.3@e54 | |
| 色度学/荆其诚等编著.-北京:科学出版社,1979.10 |
| 432页:彩图;20cm |
| ISBN :CNY1.80 |
| ● |
| 相关链接 |
|
|
|
|
正题名:色度学
索取号:O432.3/54
 
预约/预借
| 序号 | 登录号 | 条形码 | 馆藏地/架位号 | 状态 | 备注 |
| 1 | 0161321 | 001461849 | 第三借阅区/ [索取号:O432.3/54] | 在馆 | |
| 2 | 0161322 | 202098443 | 第二样本阅览室/ [索取号:O432.3/54] | 在馆 | |
| 3 | 0460875 | 204608754 | 密集书库/ [索取号:O432.3/54] | 在馆 | |
| 4 | 0460876 | 204608763 | 密集书库/ [索取号:O432.3/54] | 在馆 | |
| 5 | 0460877 | 204608772 | 密集书库/ [索取号:O432.3/54] | 在馆 |